• 首页
  • 本馆介绍
  • 公告通知
  • 最新文献
  • 馆藏检索
  • 电子资源
  • 读者导购
  • 参考咨询
  • 我的图书馆
  • 登录
  • 详细信息显示
  • 放入我的书架
  • 预约/预借图书
  • 作者相关作品
  • 分类相关作品
  • 丛书相关作品
  • 出版社相关作品

书目信息

  • 表格格式
  • 工作单格式
  • 卡片格式
题名:
稻草人托马斯
    
 
作者: 普鲁士勒 著 ;王燕生 译
分册:  
出版信息: 南昌   二十一世纪出版社集团  2017
页数: 86页
开本: 21cm
丛书名:
单 册:
中图分类: I516.85
科图分类:
主题词: 儿童故事--德国--现代
电子资源:
ISBN: 978-7-5568-2154-9
000 00941nam0 2200289 450
001 0104249729
005 20180307161820.0
010    @a978-7-5568-2154-9@dCNY15.00
100    @a20170718d2017 cemy0chiy0120 ea
101 1  @achi@cger
102    @aCN@b360000
105    @aa z 000fy
106    @ar
200 1  @a稻草人托马斯@9Dao Cao Ren Tuo Ma Si @f(德)奥得弗雷德·普鲁士勒著@g王燕生译@b专著
210    @a南昌@c二十一世纪出版社集团@d2017
215    @a86页@c图@d21cm
300    @a普鲁士勒作品典藏
305    @a版权代理:北京华德星际文化传媒有限公司
312    @a德文原名:Thomas Vogelschreck
510 1  @aThomas Vogelschreck@zger
606 0  @a儿童故事@y德国@z现代
690    @aI516.85@v5
701  0 @c(德)@a普鲁士勒@9pu lu shi le@c(Preussler, Otfried@f1923~)@4著
702  0 @a王燕生@9wang yan sheng@c(德语)@4译
801  2 @aCN@bN210200DLC@c20170610
801  0 @aCN@bDST@c20170606
905    @aBZT@dI516.85@e5@f4@sI516.85/5
    
    稻草人托马斯/(德)奥得弗雷德·普鲁士勒著/王燕生译.-南昌:二十一世纪出版社集团,2017
    86页:图;21cm
    普鲁士勒作品典藏
    
    ISBN 978-7-5568-2154-9:CNY15.00
    
●
相关链接 在五车中查询图书 在当当中查询图书 在豆瓣中查询图书


正题名:稻草人托马斯     索取号:I516.85/5         预约/预借

序号 登录号 条形码 馆藏地/架位号 状态 备注
1 2000051539   2000051539   旧书回溯/ [索取号:I516.85/5] 在馆    
2 2000051540   2000051540   旧书回溯/ [索取号:I516.85/5] 在馆    
3 2000051541   2000051541   旧书回溯/ [索取号:I516.85/5] 在馆    
4 2000058821   2000058821   旧书回溯/ [索取号:I516.85/5] 在馆    
山东省滨州职业学院图书馆 欢迎您!
大连网信软件有限公司© 版权所有